[Event "TCh-BEL 2001-2"]
[Site "Belgium BEL"]
[Date "2001.12.23"]
[Round "5"]
[White "Cekro,E"]
[Black "Eliet,N"]
[Result "1-0"]
[WhiteElo "2419"]
[BlackElo "2401"]

1.c4 c6 2.b3 d5 3.Bb2 Bg4 4.g3 Nd7 5.Bg2 Ngf6 6.Nf3 e6 7.O-O a5 8.a3 Qb6
9.d3 dxc4 10.Bxf6 Nxf6 11.bxc4 Be7 12.Nc3 O-O 13.Qc2 Rfd8 14.Na4 Qc7 15.c5 e5
16.Rab1 Nd7  1-0

[Event "SO-ON"]
[Site "Groningen NED"]
[Date "2001.12.29"]
[Round "7"]
[White "Koster,R"]
[Black "L'Ami,E"]
[Result "1-0"]
[WhiteElo "2285"]
[BlackElo "2344"]

1.c4 c6 2.e4 d5 3.exd5 cxd5 4.cxd5 Nf6 5.Nc3 Nxd5 6.Nf3 Nc6 7.Bc4 e6 8.O-O Be7
9.d4 O-O 10.Re1 Nxc3 11.bxc3 b6 12.Bd3 Bb7 13.h4 Bf6 14.Ng5 g6 15.Qg4 h5
16.Qh3 e5 17.Ba3 Bxg5 18.hxg5 Re8 19.Bb2 Qxg5 20.Re3 exd4 21.Rg3 Qd5 22.cxd4 Nb4
23.Bf1 Rac8 24.Rc1 Rxc1 25.Bxc1 Ba6 26.Rg5 Qc6 27.Bd2 Bxf1 28.Bxb4 Be2 29.Qg3 Bg4
30.Re5 Rd8 31.Qf4 Qc4 32.Be7 Rc8 33.Re1 Kh7 34.Bd6 Be6 35.Qf6 Rg8 36.Bf4 Qd5
37.Re5  1-0

[Event "Open"]
[Site "Trinec CZE"]
[Date "2001.12.29"]
[Round "4"]
[White "Talla,V"]
[Black "Kolesar,Mil"]
[Result "1-0"]
[WhiteElo "2397"]
[BlackElo "2231"]

1.c4 c6 2.g3 d5 3.Bg2 Nf6 4.Nf3 Bf5 5.b3 e6 6.O-O Be7 7.d3 h6 8.Bb2 O-O 9.Nbd2 Nbd7
10.Qc2 Bh7 11.a3 a5 12.Bc3 Bd6 13.Qb2 Qe7 14.Ne5 Nxe5 15.Bxe5 Bxe5 16.Qxe5 Rfc8
17.Rfc1 b5 18.e4 dxc4 19.bxc4 b4 20.c5 Rd8 21.Bf1 Ne8 22.Qb2 bxa3 23.Rxa3 Rdb8
24.Qc3 a4 25.Rca1 Qb7 26.Rxa4 Rxa4 27.Rxa4 Bg6 28.Ra2 Kh7 29.Nc4 Qb5 30.Nb6 Rd8
31.Ra1 f6 32.d4  1-0

[Event "TCh-BEL 2001-2"]
[Site "Belgium BEL"]
[Date "2002.01.06"]
[Round "6"]
[White "Kaid,A"]
[Black "Kadimova,I"]
[Result "1/2-1/2"]
[WhiteElo "2253"]
[BlackElo "2372"]

1.c4 c6 2.g3 d5 3.Bg2 Nf6 4.Nf3 Bf5 5.cxd5 cxd5 6.Qb3 Qc8 7.Nc3 e6 8.d3 Nc6
9.O-O Be7 10.Bf4 O-O 11.Rac1 Qd7 12.e4 dxe4 13.dxe4 Nxe4 14.Nxe4 Bxe4 15.Ne5 Nxe5
16.Bxe4 Nc6 17.Rfd1 Qc8 18.Qa4 Rd8 19.Rxd8+ Bxd8 20.b4 Qd7 21.Bxc6 bxc6 22.Qxc6 Qxc6
23.Rxc6 Bb6 24.a4 h5 25.Bd6 Kh7 26.a5 Bd4 27.b5 g5 28.Bc7 Kg6 29.Ra6 Rc8
30.b6 axb6 31.axb6 Bxb6 32.Bxb6 Rc6 33.f3  1/2-1/2

[Event "Keres Mem Rapid w"]
[Site "Tallinn EST"]
[Date "2002.01.06"]
[Round "4"]
[White "Bashkite,V"]
[Black "Stepovaia Dianchenko,T"]
[Result "0-1"]
[WhiteElo "2107"]
[BlackElo "2427"]

1.c4 c6 2.e4 d5 3.exd5 cxd5 4.cxd5 Nf6 5.Nc3 Nxd5 6.Nf3 e6 7.g3 Be7 8.Bg2 Nxc3
9.bxc3 Qc7 10.O-O Bd7 11.Qb3 Bc6 12.d4 Nd7 13.Bf4 Qb6 14.Rfd1 O-O 15.Rac1 Qa6
16.Rd2 b5 17.Ne5 Nxe5 18.Bxe5 Bxg2 19.Kxg2 Bg5 20.f4 Be7 21.d5 exd5 22.Rxd5 Rad8
23.Rcd1 Qc6 24.Kf1 a6 25.R1d2 h6 26.Qd1 Rxd5 27.Rxd5 Qc4+ 28.Kg2 Qxa2+ 29.Kh3 f6
30.Bd6 Rd8 31.f5 Bxd6 32.Rxd6 Rxd6 33.Qxd6 Qc4 34.Qxa6 Qf1+ 35.Kg4 h5+ 36.Kh4 Qxf5
37.Qa8+ Kh7  0-1

[Event "TCh-CZE 2001-2"]
[Site "CZE"]
[Date "2002.01.12"]
[Round "6"]
[White "Berezjuk,S"]
[Black "Jirka,J"]
[Result "0-1"]
[WhiteElo "2432"]
[BlackElo "2339"]

1.c4 c6 2.d4 d5 3.Nf3 Nf6 4.e3 a6 5.Nbd2 Bf5 6.Qb3 Qc7 7.Bd3 Bxd3 8.Qxd3 Nbd7
9.O-O e6 10.e4 dxe4 11.Nxe4 Be7 12.Re1 O-O 13.Bg5 Rad8 14.Rad1 Rfe8 15.Qc2 h6
16.Bh4 Nxe4 17.Bxe7 Rxe7 18.Qxe4 Nf6 19.Qe5 Qb6 20.Rd2 Red7 21.h3 Qb4 22.Rc2 a5
23.g4 c5 24.Qxc5 Qxc5 25.dxc5 Rc7 26.Re5 Rd1+ 27.Re1 Rd3 28.Kg2 Rxc5 29.Re5 Nd7
30.Re4 Kf8 31.Rd4 Ne5 32.Rxd3 Nxd3 33.b3 a4 34.Rd2 Nc1 35.Rc2 Nd3 36.Rd2 Nb4
37.Nd4 axb3 38.axb3 Ra5 39.Nb5 Ke7 40.f3 Ra1 41.Kf2 Rb1 42.Nd4 g6 43.f4 Rc1
44.f5 gxf5 45.gxf5 e5 46.Nb5 Kf6 47.Rd6+ Kxf5 48.Rxh6 Kg5 49.Rb6 f5 50.Nd6 Rc2+
51.Ke1 Nd3+ 52.Kd1 Rh2 53.Rb5 Kf4 54.Rd5 Nb4 55.Rd2 Rh1+ 56.Ke2 e4 57.Rd1 Rh2+
58.Kf1 Rh1+ 59.Ke2 Rh2+ 60.Kf1 Nc2 61.Kg1 Rxh3 62.Rf1+ Rf3 63.c5 e3 64.Rxf3+ Kxf3
65.Nxf5 e2 66.Nh4+ Ke4  0-1

[Event "Corus Tens"]
[Site "Wijk aan Zee NED"]
[Date "2002.01.18"]
[Round "1"]
[White "Istratescu,A"]
[Black "Smeets,J"]
[Result "1/2-1/2"]
[WhiteElo "2605"]
[BlackElo "2327"]

1.c4 c6 2.e4 d5 3.exd5 cxd5 4.d4 Nf6 5.Nc3 g6 6.Qb3 Bg7 7.cxd5 O-O 8.Be2 Nbd7
9.Bf3 Nb6 10.a4 e6 11.dxe6 Bxe6 12.Qd1 Nbd5 13.Nge2 Rc8 14.O-O Qb6 15.a5 Qd6
16.Bg5 h6 17.Bh4 Rfd8 18.Qa4 Qa6 19.Bg3 Nxc3 20.Nxc3 Rc4 21.Qb5 Qxb5 22.Nxb5 Rb4
23.Nc7 Bc4 24.Rfc1 Nh5 25.Be5 f6 26.a6 bxa6 27.Bxh5 gxh5 28.Bf4 Rxd4 29.Be3 Rd7
30.Nxa6 Bxa6 31.Rxa6 Rxb2 32.h4 Kf7 33.Rc5 Rdb7 34.Rxh5 R2b5 35.Rxb5 Rxb5
36.g4 Rb4 37.Rxa7+ Kg8 38.f4 f5 39.g5 hxg5 40.hxg5 Kh7 41.Kg2 Re4 42.Kf3 Kg6
43.Ra6+ Kh7 44.Bc5 Re8 45.Rc6 Re4 46.Be3 Re8 47.Bd2 Re4 48.Bc3 Bxc3 49.Rxc3 Re6
50.Kg3 Kg6 51.Rc8 Kg7 52.Kh4 Kg6 53.Rf8 Ra6 54.Kg3 Ra3+ 55.Kh4 Ra6 56.Rg8+ Kh7
57.Rc8 Kg6 58.Rc5 Rb6 59.Rc1 Ra6 60.Rh1 Ra3 61.Rh3 Ra6 62.Kg3 Kg7 63.Rh1 Re6
64.Kf3 Kg8 65.Rh4 Kg7 66.Rh2 Ra6 67.Ke3 Re6+ 68.Kf3 Ra6 69.Re2 Kg6 70.Ke3 Ra4
71.Rc2 Re4+ 72.Kf3 Re6 73.Rh2 Kg7 74.Re2 Ra6 75.Ke3 Rd6 76.Rc2 Re6+ 77.Kd3 Rd6+
78.Kc4 Rc6+ 79.Kb3 Rd6 80.Kb4 Rd4+ 81.Rc4 Rd5 82.Rc7+ Kg6 83.Rc6+ Kh5 84.Rc5 Rd4+
85.Rc4 Rd5 86.Kc3 Kg6 87.Rc6+ Kh5 88.Ra6 Kg4 89.Ra4 Rd6 90.Rd4 Ra6 91.Kc4 Ra5
92.Kb4 Ra1 93.Kc5 Re1 94.Kd6 Kh5 95.Rd5 Kg6 96.Rd4 Re4 97.Kd5 Re8 98.Ra4 Rd8+
99.Kc6 Re8 100.Kc5  1/2-1/2

[Event "TCh-AUT 2001-2"]
[Site "Graz AUT"]
[Date "2002.01.20"]
[Round "8"]
[White "Fahrner,K"]
[Black "Sprenger,W"]
[Result "1-0"]
[WhiteElo "2367"]
[BlackElo "2174"]

1.c4 c6 2.Nf3 d5 3.b3 Nf6 4.Bb2 e6 5.g3 Be7 6.Bg2 O-O 7.O-O b6 8.d4 Bb7 9.Nbd2 Nbd7
10.Rc1 Rc8 11.e3 dxc4 12.Nxc4 b5 13.Nce5 Qb6 14.Ng5 Nxe5 15.dxe5 Nd5 16.Ne4 Kh8
17.Qg4 c5 18.Nd6 Rc7 19.Rfd1 f5 20.exf6 Nxf6 21.Bxf6 Bxd6 22.Ba1 Bxg2 23.Kxg2 Rcf7
24.f4 c4 25.Qxe6 Qb7+ 26.Qd5 Ba3 27.Qxb7 Rxb7 28.Rc2 Re7 29.Be5 cxb3 30.axb3 a5
31.Rd5 Rb7 32.Rc7 Rxc7 33.Bxc7 Bc1 34.Rxb5 Bxe3 35.Rxa5 Bd4 36.Rd5 Bf6 37.Rb5 Kg8
38.Rb8 Rxb8 39.Bxb8 Kf7 40.Kf3  1-0

[Event "39th BPCL ch-IND"]
[Site "Nagpur IND"]
[Date "2002.01.21"]
[Round "6"]
[White "Sriram,J"]
[Black "Murali Krishnan,B"]
[Result "1-0"]
[WhiteElo "2408"]
[BlackElo "2331"]

1.c4 c6 2.d4 d5 3.Nc3 Nf6 4.e3 a6 5.a4 e6 6.Nf3 Nbd7 7.Bd3 dxc4 8.Bxc4 c5
9.O-O Be7 10.e4 cxd4 11.Nxd4 O-O 12.Be3 Qc7 13.Be2 Nc5 14.Rc1 Qb8 15.Qc2 Bd6
16.g3 Ncd7 17.Rfd1 Ne5 18.Bf4 Bd7 19.Kg2 Ng6 20.Be3 Rc8 21.Qb3 Ne5 22.Bf4 Bc7
23.Bg5 Nc6 24.Nf3 Be8 25.Ne1 Nd7 26.Be3 Be5 27.f4 Bf6 28.Nf3 Na5 29.Qa2 Be7
30.e5 Nc6 31.Ne4 Nb4 32.Qb3 Nd5 33.Bf2 Rxc1 34.Rxc1 Nf8 35.Nd4 Nb4 36.Bf3 Nc6
37.Ne2 Na5 38.Qc3 Nc6 39.Rd1 Qc7 40.Nd6 Bd7 41.Nxb7 Qxb7 42.Rxd7 Nxd7 43.Bxc6 Qc8
44.Bxa8 Qxa8+ 45.Qf3 Qc8 46.Nd4 Nb8 47.Qa8 h5 48.Nf3 Kh7 49.b4 g6 50.b5 axb5
51.axb5 Bc5 52.Bxc5 Qxc5 53.Qxb8  1-0

[Event "TSGM January"]
[Site "Novi Sad YUG"]
[Date "2002.01.21"]
[Round "3"]
[White "Bistric,F"]
[Black "Scekic,M"]
[Result "1-0"]
[WhiteElo "2486"]
[BlackElo "2444"]

1.c4 c6 2.e4 d5 3.exd5 cxd5 4.d4 Nf6 5.Nc3 e6 6.Nf3 Be7 7.Bg5 Nc6 8.Rc1 O-O
9.c5 a5 10.Bb5 Na7 11.Bd3 b6 12.Na4 bxc5 13.Nxc5 h6 14.Bxf6 Bxf6 15.O-O Rb8
16.Qe2 Qb6 17.b3 Nc6 18.Qe3 Nb4 19.Bb1 Na6 20.Nd3 Bd7 21.Nde5 Bb5 22.Ng4 Be7
23.Rfe1 Rfc8 24.Nxh6+ gxh6 25.Qxh6 f5 26.Bxf5 exf5 27.Rxc8+  1-0

[Event "TSGM January"]
[Site "Novi Sad YUG"]
[Date "2002.01.23"]
[Round "5"]
[White "Bistric,F"]
[Black "Fontaine,R"]
[Result "0-1"]
[WhiteElo "2486"]
[BlackElo "2469"]

1.c4 c6 2.e4 d5 3.exd5 cxd5 4.d4 Nf6 5.Nc3 e6 6.Nf3 Bb4 7.Qc2 Nc6 8.Bg5 h6
9.Bh4 dxc4 10.Bxc4 Be7 11.O-O O-O 12.Rad1 Nd5 13.Bg3 a6 14.Rfe1 Ncb4 15.Qe2 b5
16.Bb3 Bb7 17.Ne5 Rc8 18.Ne4 Nf6 19.Nc5 Bd5 20.Bxd5 Qxd5 21.Bh4 Rfe8 22.Bxf6 Bxf6
23.Ncd7 Bxe5 24.dxe5 Qc4 25.Qf3 Nd5 26.Qg3 Kh8 27.h3 Rcd8 28.b3 Qc2 29.Rxd5 exd5
30.e6  0-1

[Event "Unilog-Integrata IM"]
[Site "Griesheim GER"]
[Date "2002.01.24"]
[Round "2"]
[White "Schnitzspan,L"]
[Black "Jirka,J"]
[Result "1-0"]
[WhiteElo "2341"]
[BlackElo "2339"]

1.c4 c6 2.e4 e5 3.Nf3 Qa5 4.Nc3 Nf6 5.Bd3 Bc5 6.O-O d6 7.h3 Qc7 8.Bc2 Be6
9.b3 Bd4 10.Nxd4 exd4 11.Ne2 c5 12.Nf4 O-O 13.a3 Nc6 14.d3 Nd7 15.Bd2 a5
16.Rb1 b6 17.Qf3 Nde5 18.Qg3 Rae8 19.Bd1 f5 20.Bh5 g6 21.Nxe6 Rxe6 22.f4 Qg7
23.exf5 Rxf5 24.Bd1 Nf7 25.Bg4 Ne7 26.b4 Nh6 27.Bxf5 Nhxf5 28.Qf3 axb4 29.axb4 Ne3
30.Rfe1 h5 31.Ra1 N7f5 32.Qa8+ Kh7 33.Ra7 Re7 34.Rea1 h4 35.Rxe7 Nxe7 36.Ra7 N3f5
37.Qe4 Qf7 38.b5 Kg7 39.Rb7 Kf6 40.Rxb6 Qe8 41.Be1 Qd8 42.Rb7 Kf7 43.b6  1-0

[Event "Kaissa Open"]
[Site "Kharkov UKR"]
[Date "2002.01.26"]
[Round "5"]
[White "Gasanov,E"]
[Black "Nester,I"]
[Result "1-0"]
[WhiteElo "2454"]
[BlackElo "2293"]

1.c4 c6 2.Nf3 d5 3.g3 dxc4 4.Bg2 b5 5.a4 Bb7 6.b3 cxb3 7.Qxb3 Qb6 8.Nc3 e6
9.axb5 a6 10.Na4 Qxb5 11.Qc2 Qa5 12.Nd4 Bd6 13.Rb1 Qc7 14.O-O Ne7 15.Nc5 Bc8
16.Ne4 e5 17.Nf3 Be6 18.Rb7 Qd8 19.Nxd6+ Qxd6 20.Qc3 Nd7 21.Ba3 c5 22.Rxd7 Bxd7
23.Bxc5 Qf6 24.Nxe5 Rc8 25.d4 Bb5 26.Qa3 Qe6 27.Re1 f6 28.Nd3 g5  1-0

[Event "Kaissa Open"]
[Site "Kharkov UKR"]
[Date "2002.01.26"]
[Round "5"]
[White "Makarov,V UKR"]
[Black "Dmitrenko,V"]
[Result "1-0"]
[WhiteElo "2136"]
[BlackElo "2324"]

1.c4 c6 2.d4 d5 3.Nc3 Nf6 4.cxd5 cxd5 5.Bf4 Nc6 6.e3 a6 7.Bd3 e6 8.Nf3 Be7
9.Rc1 O-O 10.h3 Bd7 11.O-O b5 12.Ne5 Na5 13.Bb1 Rc8 14.Bg5 Nc4 15.Qc2 g6
16.Nd3 Kg7 17.b3 Na3 18.Qb2 b4 19.Bxf6+ Kxf6 20.Ne2 Nxb1 21.Rxb1 Bb5 22.Rfd1 Kg7
23.Rbc1 Qa5 24.Ne5 f6 25.Nf3 Kf7 26.Rc2 Rxc2 27.Qxc2 Bd7 28.Rc1 Rc8 29.Qb2 Rxc1+
30.Nxc1 Qc7 31.Ne1 Bb5 32.Qd2 a5 33.Ned3 Bd6 34.f4 a4 35.Kf2 h6 36.g3 g5
37.Nb2 axb3 38.axb3 Ke7 39.Ncd3 Be8  1-0

[Event "TCh-FRA Nat 1"]
[Site "Monaco FRA"]
[Date "2002.02.01"]
[Round "1"]
[White "Rotstein,A"]
[Black "Carton,C"]
[Result "1-0"]
[WhiteElo "2526"]
[BlackElo "2221"]

1.c4 c6 2.Nf3 d5 3.e3 Nf6 4.Nc3 e6 5.b3 Nbd7 6.Bb2 Bd6 7.d4 O-O 8.Be2 b6
9.O-O Bb7 10.Qc2 Qe7 11.Rad1 Rad8 12.e4 dxe4 13.Nxe4 Nxe4 14.Qxe4 Nf6 15.Qh4 Nd7
16.Qh3 Rfe8 17.Bd3 Nf8 18.Rfe1 f6 19.Nd2 Ba3 20.Ba1 Qf7 21.Ne4 Be7 22.Qe3 Rd7
23.Bc3 Bd8 24.b4 Bc7 25.a4 Ng6 26.g3 e5 27.c5 Red8 28.Bc2 Kh8 29.dxe5 Nxe5
30.Rxd7 Rxd7 31.Ng5 Qh5 32.f4 Re7 33.fxe5 Qxg5 34.Qxg5 fxg5 35.Rf1 g6 36.Bb3 Ba6
37.Rf8+ Kg7 38.Rg8+  1-0

[Event "TCh-ISR"]
[Site "ISR"]
[Date "2002.02.02"]
[Round "4"]
[White "Kantsler,B"]
[Black "Erenburg,S"]
[Result "1/2-1/2"]
[WhiteElo "2519"]
[BlackElo "2436"]

1.c4 c6 2.e4 d5 3.exd5 cxd5 4.cxd5 Nf6 5.Nc3 Nxd5 6.d4 g6 7.Bc4 Nb6 8.Bb3 Bg7
9.Nf3 O-O 10.h3 Nc6 11.Be3 Na5 12.Bc2 Nac4 13.Bc1 e5  1/2-1/2

[Event "TCh-FRA Nat 1"]
[Site "Monaco FRA"]
[Date "2002.02.03"]
[Round "3"]
[White "Istratescu,A"]
[Black "Dorfman,J"]
[Result "1/2-1/2"]
[WhiteElo "2605"]
[BlackElo "2602"]

1.c4 c6 2.d4 d5 3.Nf3 Nf6 4.e3 e6 5.Nbd2 c5 6.cxd5 exd5 7.Bb5+ Bd7 8.Bxd7+ Nbxd7
9.O-O Bd6 10.b3 O-O  1/2-1/2

[Event "FSFMA February"]
[Site "Budapest HUN"]
[Date "2002.02.04"]
[Round "3"]
[White "Ferenczi,J2"]
[Black "Sebrek,J"]
[Result "0-1"]
[WhiteElo "2057"]
[BlackElo "2059"]

1.c4 c6 2.d4 d5 3.cxd5 cxd5 4.Nc3 e6 5.Nf3 Nf6 6.a3 Be7 7.e3 O-O 8.Be2 Nc6
9.O-O Qc7 10.Bd2 Rd8 11.Rc1 a6 12.b4 e5 13.dxe5 Ne4 14.Bd3 Bf5 15.Qc2 Nxd2
16.Qxd2 Bxd3 17.Qxd3 Nxe5 18.Nxe5 Qxe5 19.Rfd1 a5 20.Qb5 axb4 21.Nxd5 bxa3
22.Qxb7 Bf8 23.f4 Qb8 24.Ne7+ Bxe7 25.Qxe7 Rxd1+ 26.Rxd1 a2 27.Rd7 a1=Q+  0-1

[Event "FSFMA February"]
[Site "Budapest HUN"]
[Date "2002.02.05"]
[Round "4"]
[White "Pirau,H"]
[Black "Ferenczi,J2"]
[Result "0-1"]
[WhiteElo "2168"]
[BlackElo "2057"]

1.c4 c6 2.e4 d5 3.exd5 cxd5 4.d4 Nf6 5.Nc3 e6 6.Nf3 Be7 7.Bf4 a6 8.Bd3 dxc4
9.Bxc4 b5 10.Bb3 Bb7 11.O-O Nd5 12.Bd2 O-O 13.Re1 Nxc3 14.bxc3 Nd7 15.Bf4 Rc8
16.Qd3 Re8 17.a4 Nc5 18.Qd1 Ne4 19.axb5 Nxc3 20.bxa6 Nxd1 21.axb7 Nc3 22.Rxe6 Qd7
23.bxc8=Q Rxc8 24.Ree1 Bf6 25.Ne5 Qxd4 26.Nxf7 Ne2+ 27.Kh1 Nxf4 28.Nd6+ Kf8
29.Nxc8 Qxf2 30.Rg1 Bxa1  0-1

[Event "7th HIT Open"]
[Site "Nova Gorica SLO"]
[Date "2002.02.05"]
[Round "6"]
[White "Miezis,N"]
[Black "Beletic,D"]
[Result "1-0"]
[WhiteElo "2498"]
[BlackElo "2157"]

1.c4 c6 2.e4 d5 3.cxd5 cxd5 4.exd5 Nf6 5.Bb5+ Nbd7 6.Nc3 a6 7.Qa4 g6 8.Nf3 Bg7
9.O-O O-O 10.Bxd7 Nxd7 11.d3 Nf6 12.Qb3 b5 13.a4 Bb7 14.axb5 axb5 15.Rxa8 Qxa8
16.Qxb5 Nxd5 17.Ne4 Nf6 18.Ned2 Ne8 19.Re1 Nd6 20.Qb4 Rb8 21.Qf4 Nf5 22.Ne4 Bd5
23.h3 h6 24.Ne5 Rb5 25.Nc3 Ra5 26.Nc4 Ra1 27.Nb6 Bxc3 28.Nxa8 Bxe1 29.Nb6 e5
30.Qxe5 Rxc1 31.Qe8+ Kg7 32.Nxd5 Ng3 33.Qe5+ Kg8 34.Nf6+ Kf8 35.Nd7+ Kg8
36.Qe8+  1-0

[Event "FSFMA February"]
[Site "Budapest HUN"]
[Date "2002.02.07"]
[Round "6"]
[White "Hocevar,N"]
[Black "Ferenczi,J2"]
[Result "1/2-1/2"]
[WhiteElo "2134"]
[BlackElo "2057"]

1.c4 c6 2.e4 e6 3.Nc3 Ne7 4.d4 d5 5.Nf3 dxc4 6.Bxc4 Ng6 7.O-O Nd7 8.Bb3 Nb6
9.Be3 Be7 10.Qd2 O-O 11.Rac1 Kh8 12.e5 Nd5 13.Nxd5 exd5 14.Ne1 Bf5 15.h3 Qd7
16.Kh2 f6 17.f4 Be4 18.Nd3 Nh4 19.Ne1 Ng6 20.Rf2 a5 21.Nf3 h6 22.Qe2 fxe5
23.Nxe5 Nxe5 24.dxe5 a4 25.Bc2 Bxc2 26.Qxc2 Qe6 27.Bc5 Bxc5 28.Qxc5 h5 29.Qe3 Rae8
30.Re1 Qf5 31.Kg1 b5 32.Qf3 Re6  1/2-1/2

[Event "13th Asian Cities"]
[Site "Aden YEM"]
[Date "2002.02.09"]
[Round "4"]
[White "Ghorbani,M"]
[Black "Ahmad,Az"]
[Result "1/2-1/2"]
[WhiteElo "2321"]
[BlackElo "2270"]

1.c4 c6 2.Nf3 d5 3.d4 Nf6 4.e3 a6 5.Qc2 e6 6.Nbd2 Nbd7 7.b3 c5 8.Bd3 cxd4
9.exd4 b6 10.O-O Bb7 11.Bb2 Bd6 12.Rad1 Rc8 13.Qb1 g6 14.Rfe1 O-O 15.Ne5 Nh5
16.Bf1 Ng7 17.Qd3 Nxe5 18.dxe5 Bc5 19.Qh3 Qe7 20.Nf3 dxc4 21.Bxc4 b5 22.Bf1 Bb4
23.Re2 Rfd8 24.Rxd8+ Rxd8 25.Qg4 h5 26.Qf4 Nf5 27.h3 Rd1 28.Rc2 a5 29.Rc1 Qd7
30.a3 Be7 31.Kh2 Rxc1 32.Qxc1 Bxf3 33.gxf3 Qd5 34.Qc3 b4 35.axb4 axb4 36.Qd3 Qxd3
37.Bxd3 Bc5 38.Bxf5  1/2-1/2

[Event "Aeroflot Open"]
[Site "Moscow RUS"]
[Date "2002.02.09"]
[Round "8"]
[White "Zubarev,A1"]
[Black "Shabanov,Y"]
[Result "1/2-1/2"]
[WhiteElo "2480"]
[BlackElo "2463"]

1.c4 c6 2.Nf3 d5 3.e3 Nf6 4.Nc3 e6 5.b3 Nbd7 6.Bb2 Bd6 7.Qc2 O-O 8.Be2 a6
9.d4 e5 10.cxd5 cxd5 11.dxe5 Nxe5 12.O-O Bg4 13.Nxe5 Bxe5 14.Bxg4 Nxg4 15.h3 Nf6
16.Qf5 Re8 17.Rfd1 Rc8 18.Na4 Bxb2 19.Nxb2 Qe7 20.Rac1 Qe6 21.Qxe6 fxe6 22.Nd3 Ne4
23.Kf1 Kf7 24.f3 Nd6 25.Ke2 Ke7 26.g4 a5 27.a4 Rxc1 28.Rxc1 Rc8 29.Rxc8 Nxc8
30.e4 dxe4 31.fxe4 Kd6 32.Ke3 Ne7 33.Kd4 Nc6+ 34.Ke3 g5 35.Kd2 Ne5 36.Nb2 Kc5
37.Kc3 b6 38.Nd1 Ng6 39.Nf2 Nf4 40.Nd3+ Nxd3 41.Kxd3 Kb4 42.Kd4 Kxb3 43.Ke5 Kxa4
44.Kxe6 Kb4 45.Kf5 a4 46.e5 a3 47.e6 a2 48.e7 a1=Q 49.e8=Q Qd4 50.Kxg5 b5
51.Kh6 Qd3 52.h4 Kc3 53.h5 b4 54.Qe1+ Qd2+ 55.Qxd2+  1/2-1/2

[Event "It"]
[Site "Morso DEN"]
[Date "2002.02.10"]
[Round "2"]
[White "Sokolov,And2"]
[Black "Berg,K"]
[Result "1-0"]
[WhiteElo "2512"]
[BlackElo "2418"]

1.c4 c6 2.d4 d5 3.Nf3 Nf6 4.Nc3 dxc4 5.a4 Bf5 6.Ne5 e6 7.f3 Bb4 8.Nxc4 c5
9.dxc5 Qxd1+ 10.Kxd1 Bxc5 11.e4 Bg6 12.Nb5 Na6 13.Nbd6+ Bxd6 14.Nxd6+ Ke7
15.Nxb7 Nb4 16.Bf4 Ne8 17.Rc1 a5 18.Bd2  1-0

[Event "FSFMA February"]
[Site "Budapest HUN"]
[Date "2002.02.11"]
[Round "10"]
[White "Hocevar,N"]
[Black "Frank,J1"]
[Result "1-0"]
[WhiteElo "2134"]
[BlackElo "2005"]

1.c4 c6 2.e4 d5 3.exd5 cxd5 4.d4 Nf6 5.Nc3 e6 6.Nf3 Nc6 7.c5 Be7 8.Bd3 Bd7
9.O-O Nb4 10.Bb1 a5 11.a3 Na6 12.Ne5 b6 13.c6 Bc8 14.Nb5 Nc7 15.a4 Ba6 16.Bd3 Bxb5
17.axb5 Bb4 18.Qf3 h6 19.Rd1 Qe7 20.h3 Rc8 21.Qg3 Kf8 22.Bf4 g5 23.Nd7+ Nxd7
24.Bxc7 e5 25.cxd7 Rxc7 26.Qxe5 Qxe5 27.d8=Q+ Qe8 28.Qxc7 Qe6  1-0

[Event "FSFMA February"]
[Site "Budapest HUN"]
[Date "2002.02.13"]
[Round "12"]
[White "Hocevar,N"]
[Black "Pirau,H"]
[Result "0-1"]
[WhiteElo "2134"]
[BlackElo "2168"]

1.c4 c6 2.e4 d5 3.exd5 cxd5 4.d4 Nf6 5.Nc3 Nc6 6.Nf3 e6 7.c5 Be7 8.Bd3 O-O
9.O-O b6 10.cxb6 Qxb6 11.Na4 Qb8 12.Re1 Bd7 13.b3 Nb4 14.Nc5 Nxd3 15.Qxd3 Bb5
16.Qd1 Rc8 17.a4 Be8 18.Ba3 Bxc5 19.dxc5 Ne4 20.Rc1 a5 21.Re3 Qa7 22.Qd4 Rab8
23.h3 Rb7 24.Ne1 Qb8 25.f3 Nf6 26.Rcc3 Bc6 27.Nc2 Nd7 28.f4 Nf6 29.b4 Ne4
30.b5 Qxf4 31.Rf3 Qb8 32.Rce3 Bxb5 33.axb5 Rxb5 34.Ne1 Rb1 35.Rf1 Ng3 36.Rff3 Nf5
37.Rxf5 exf5 38.Qxd5 Re8 39.Rxe8+ Qxe8 40.Qd2 Qxe1+  0-1

[Event "10th Open"]
[Site "Valle d'Aosta ITA"]
[Date "2002.02.13"]
[Round "5"]
[White "Cvitan,O"]
[Black "De Vreugt,D"]
[Result "1-0"]
[WhiteElo "2550"]
[BlackElo "2446"]

1.c4 c6 2.e4 d5 3.exd5 cxd5 4.cxd5 Nf6 5.Nc3 Nxd5 6.Nf3 Nc6 7.Bb5 e6 8.O-O Nxc3
9.bxc3 Qc7 10.d4 Be7 11.Re1 O-O 12.Bd3 b6 13.h4 Bb7 14.Ng5 g6 15.h5 Bf6 16.Qg4 Bxg5
17.Bxg5 f5 18.Qh4 Nd8 19.Re3 Qxc3 20.hxg6 Qxa1+ 21.Kh2 Rf7 22.gxf7+  1-0

[Event "10th Open"]
[Site "Valle d'Aosta ITA"]
[Date "2002.02.13"]
[Round "5"]
[White "Sarno,S"]
[Black "Acs,P"]
[Result "0-1"]
[WhiteElo "2395"]
[BlackElo "2526"]

1.c4 c6 2.Nf3 d5 3.b3 Bg4 4.Bb2 Nd7 5.g3 Bxf3 6.exf3 e6 7.Be2 Ngf6 8.O-O Be7
9.d4 O-O 10.Nd2 dxc4 11.Nxc4 Nd5 12.Qc2 N7f6 13.f4 g6 14.a3 Ne8 15.b4 Nd6
16.Ne5 Nf5 17.Qb3 a6 18.Rac1 Bd6 19.Rfe1 Qc7 20.Bf1 Rfd8 21.Rc5 Bf8 22.Ba1 Nd6
23.a4 Qb6 24.Rb1 Ne4 25.Qb2 Qc7 26.Rc4 Qe7 27.b5 axb5 28.axb5 cxb5 29.Rcc1 b4
30.Re1 Ndc3 31.d5 exd5 32.Nd3 Qd6 33.Nxb4 d4 34.Nd3 Nxb1 35.Rxe4 Nc3 36.Re1 b5
37.Bg2 Ra2 38.Qb3 Qa3  0-1

[Event "10th Open"]
[Site "Valle d'Aosta ITA"]
[Date "2002.02.13"]
[Round "5"]
[White "Likavsky,T"]
[Black "Khenkin,I"]
[Result "1/2-1/2"]
[WhiteElo "2415"]
[BlackElo "2584"]

1.c4 c6 2.d4 d5 3.Nf3 Nf6 4.e3 e6 5.Bd3 Nbd7 6.O-O dxc4 7.Bxc4 Bd6 8.Nc3 O-O
9.e4 e5 10.Be3 Qc7 11.h3 exd4 12.Nxd4 Ne5 13.Bb3 Ng6 14.Qc2 Re8 15.Rad1 Bh2+
16.Kh1 Bf4 17.Bxf4 Qxf4 18.Nde2 Qh4 19.Kg1 Nh5 20.Ng3 Nhf4 21.Nf5 Bxf5 22.exf5 Nxh3+
23.gxh3 Nf4 24.f3 Nxh3+ 25.Kg2 Nf4+ 26.Kg1 Nh3+ 27.Kg2 Nf4+ 28.Kg1 Qg3+ 29.Kh1 Re2
30.Qxe2 Nxe2 31.Nxe2 Qh3+ 32.Kg1 Qxf5 33.Ng3 Qg5 34.Kf2 Rd8 35.Ne4 Qe7 36.Rxd8+ Qxd8
37.Rd1 Qe7 38.Nd6 Qh4+ 39.Kg2 Qg5+ 40.Kf2 Qh4+ 41.Kg2 Qg5+ 42.Kf1 Qe3 43.Kg2 Qe2+
44.Kg3 Qe5+ 45.Kh3 Qh5+  1/2-1/2

[Event "It"]
[Site "Morso DEN"]
[Date "2002.02.15"]
[Round "7"]
[White "Miezis,N"]
[Black "Pedersen,Jan"]
[Result "1-0"]
[WhiteElo "2498"]
[BlackElo "2413"]

1.c4 c6 2.e4 d5 3.cxd5 cxd5 4.exd5 Nf6 5.Nc3 Nxd5 6.Nf3 e6 7.Bc4 Be7 8.O-O O-O
9.Re1 Nc6 10.Bb3 Nf6 11.d4 a6 12.h3 Na5 13.Bc2 b5 14.Ne5 Bb7 15.Qd3 g6 16.Bh6 Re8
17.Rad1 b4 18.Ne2 Be4 19.Qd2 Bxc2 20.Qxc2 b3 21.axb3 Qb6 22.Rd3 Rab8 23.Rg3 Rec8
24.Qb1 Nxb3 25.Nxg6 fxg6 26.Rxg6+ Kf7 27.Rxf6+ Kxf6 28.Qxh7 Bf8 29.Ng3 e5
30.Qf5+ Ke7 31.Rxe5+  1-0

[Event "10th Open"]
[Site "Valle d'Aosta ITA"]
[Date "2002.02.15"]
[Round "7"]
[White "Cvitan,O"]
[Black "Zhukova,N"]
[Result "1-0"]
[WhiteElo "2550"]
[BlackElo "2441"]

1.c4 c6 2.e4 d5 3.exd5 cxd5 4.cxd5 Nf6 5.Nc3 Nxd5 6.Nf3 e6 7.d4 Be7 8.Bd3 Nc6
9.O-O O-O 10.Re1 Nf6 11.a3 b6 12.Bc2 Ba6 13.Bg5 Rc8 14.Qd2 Qc7 15.Rad1 Rfd8
16.Qe3 g6 17.h3 Bc4 18.Ba4 Nh5 19.Bxc6 Bxg5 20.Qxg5 Qxc6 21.Ne5 Qe8 22.Ne4 Bd5
23.Nf6+ Nxf6 24.Qxf6 Qf8 25.g4 Qg7 26.g5 Qxf6 27.gxf6 Rc2 28.Rc1 Rdc8 29.Rxc2 Rxc2
30.Re3 Rc1+ 31.Kh2 g5 32.f3 Rc2+ 33.Kg3 h5 34.Rc3 Rd2 35.Rc7 Rxd4 36.Rxf7 h4+
37.Kf2  1-0

[Event "10th Open"]
[Site "Valle d'Aosta ITA"]
[Date "2002.02.15"]
[Round "7"]
[White "Sulava,N"]
[Black "Ortega,Le"]
[Result "1-0"]
[WhiteElo "2552"]
[BlackElo "2481"]

1.c4 c6 2.e4 d5 3.exd5 cxd5 4.cxd5 Nf6 5.Nc3 Nxd5 6.Nf3 e6 7.Bc4 Nxc3 8.bxc3 Nd7
9.O-O Bd6 10.d4 O-O 11.Re1 Qc7 12.Qd3 b6 13.Re4 Bb7 14.Rh4 Nf6 15.Bb3 Rac8
16.Bd2 e5 17.Ng5 h6 18.Rxh6 Ba6 19.Qf5 gxh6 20.Qg6+ Kh8 21.Qxh6+ Kg8 22.Qg6+ Kh8
23.Qxf6+  1-0

[Event "Petrov Mem Open"]
[Site "St Petersburg RUS"]
[Date "2002.02.18"]
[Round "7"]
[White "Eliseev,A"]
[Black "Kornev,Alexe"]
[Result "1/2-1/2"]
[WhiteElo "2489"]
[BlackElo "2536"]

1.c4 c6 2.b3 d5 3.Bb2 Bg4 4.Nf3 Bxf3 5.gxf3 e6 6.e3 Nf6 7.Nc3 Nbd7 8.Qc2 a6
9.f4 g6 10.Be2 b5 11.Bf3 Bg7 12.Ne2 O-O 13.c5 Qc7 14.d4 Ne4 15.Bxe4 dxe4
16.Qxe4 Nxc5 17.Qc2 Nd7 18.O-O Rfc8 19.Rac1 c5 20.dxc5 Qxc5 21.Qe4 Qf5 22.Qxf5 gxf5
23.Nd4 Nb6 24.Kg2 Rxc1 25.Rxc1 Rc8 26.Rg1 Nd5 27.Kf3 Kh8 28.a3 Bf6 29.Ba1 h6
30.Ke2 Kh7 31.Kd2 Rg8 32.Rxg8 Kxg8 33.Nc2 Be7 34.Bd4 Kf8 35.b4 Ke8 36.Ne1 Bd8
37.Nd3 a5 38.bxa5 Bxa5+ 39.Kc2 Ne7 40.Bc3 Bc7 41.Kb3 Nc6 42.Bg7 h5 43.Bc3  1/2-1/2

[Event "ch-Serbia w"]
[Site "Leskovac YUG"]
[Date "2002.02.19"]
[Round "5"]
[White "Kostic,M"]
[Black "Vasic,M"]
[Result "1-0"]
[WhiteElo "2172"]
[BlackElo "2167"]

1.c4 c6 2.e4 d5 3.exd5 cxd5 4.cxd5 Nf6 5.Bb5+ Nbd7 6.Nc3 a6 7.Qa4 Rb8 8.Bxd7+ Qxd7
9.Qf4 Ra8 10.Nf3 Nxd5 11.Nxd5 Qxd5 12.O-O g6 13.Re1 Bg7 14.d4 e6 15.Bd2 a5
16.Rac1 b6 17.Rc7 O-O 18.Ne5 f6 19.Nc6 Kh8 20.Rxg7 g5 21.Qc7  1-0